Návrh systému monitoringu a riadenia pohľadávok v priemyselnom podniku Elster s.r.o.

Guardado en:
Detalles Bibliográficos
Autor principal: Dedíková, Jana, 1975- (Autor)
Otros Autores: Šnircová, Jana, 1971- (Orientador)
Formato: Manuscrito Libro
Lenguaje:eslovaco
Publicado: STU v Bratislave MTF UPMK, 2010
Materias:
Acceso en línea:VAIS
Etiquetas: Agregar Etiqueta
Sin Etiquetas, Sea el primero en etiquetar este registro!

MARC

LEADER 00000ntm a22000003a 4500
001 stu206607
005 20160719160159.0
008 100707s2010------------------------slo-d
040 |a STU  |b slo 
041 0 |a slo 
100 1 |a Dedíková, Jana,  |d 1975-  |4 aut  |X 31221  |7 A000031221 
242 0 0 |a Proposal for monitoring system and management of receivables in industrial company, Elster s.r.o.   |y eng 
245 1 |a Návrh systému monitoringu a riadenia pohľadávok v priemyselnom podniku Elster s.r.o. 
260 |b STU v Bratislave MTF UPMK,  |c 2010 
650 7 |a odberatelia  |2 stusub 
700 1 |a Šnircová, Jana,  |d 1971-  |4 ths  |u M4000  |U MTF Materiálovotechnologická fakulta  |T MTF Ústav priemyselného inžinierstva a manažmentu  |X 57371  |U M4000  |Y 84  |7 A000057371 
856 4 |a info a plný text  |u http://is.stuba.sk/zp/portal_zp.pl?podrobnosti=58299  |3 VAIS 
996 |c M*DP-9363  |l MMSKP  |s P  |a 0  |w stu206607_0001